LEADER 01863nam0 2200445 i 450 001 MOD0891535 005 20231121125555.0 010 $a8883341295 020 $aIT$b2005-10538 100 $a20050127d2004 ||||0itac50 ba 101 | $aita 102 $ait 181 1$6z01$ai $bxxxe 182 1$6z01$an 200 1 $aDonne cristiane e sacerdozio$edalle origini all'età contemporanea$fa cura di Dinora Corsi 210 $aRoma$cViella$d2004 215 $aXL, 271 p.$cill.$d21 cm. 225 | $a˜I œlibri di Viella$v41 410 0$1001CFI0226517$12001 $a˜I œlibri di Viella$v41 606 $aReligiose$xStoria$2FIR$3RMLC209317$9I 606 $aSacerdozio$xDonna$xStoria$2FIR$3RMLC384407$9I 606 $aDonna$xConcezione cristiana$xStoria$2FIR$3RMLC046033$9I 606 $aSacerdozio e donne cristiane$2FIR$3RMLC263299$9I 606 $aSacerdozio femminile$2FIR$3RMLC264599$9I 676 $a261.8344$9$v21 676 $a271.90009$9$v21 676 $a291.082$9$v21 702 1$aCorsi$b, Dinora$3VIAV101629 801 3$aIT$bIT-01$c20050127 850 $aIT-RM0290 $aIT-RM0459 $aIT-RM0251 $aIT-FR0084 $aIT-FR0017 899 $aBIBLIOTECA ANGELICA$bRM0290 899 $aARCHIVIO DI STATO DI ROMA$bRM0459 899 $aBiblioteca Della Soprintendenza Archivistica Per Il Lazio$bRM0251 899 $aBiblioteca Del Monumento Nazionale Di Montecassino$bFR0084 899 $aBiblioteca umanistica Giorgio Aprea$bFR0017 912 $aMOD0891535 950 0$aBiblioteca umanistica Giorgio Aprea$d 52COBAL C.M.427(41)$e 52VM 0000581785 VM barcode:SSBAL01636VM$fB $h20051125$i20121204 977 $a 06$a 12$a 24$a 25$a 52 996 $aDonne cristiane e sacerdozio$93611442 997 $aUNICAS LEADER 02126nas 2200649- 450 001 9910339573603321 005 20241221111237.0 035 $a(CKB)954921377734 035 $a(CONSER)---79640406- 035 $a(MiFhGG)1052 035 $a(EXLCZ)99954921377734 100 $a20781026b19781998 -a- a 101 0 $aeng 181 $ctxt$2rdacontent 182 $cc$2rdamedia 183 $acr$2rdacarrier 200 00$aBusiness America 210 $a[Washington, D.C.] $cU.S. Dept. of Commerce $c[Supt. of Docs., U.S. G.P.O., distributor]$d[-1999] 215 $a1 online resource 311 08$aPrint version: Business America. (DLC) 79640406 (OCoLC)4320918 0190-6275 531 $aBUSINESS AMERICA THE MAGAZINE OF INTERNATIONAL TRADE 531 0 $aBus. Am. 606 $aBusiness$vPeriodicals 606 $aInternational business enterprises$zUnited States$vPeriodicals 606 $aAffaires$2eclas 606 $aMensuels$2eclas 606 $aMultinationales$2eclas 606 $aBusiness$2fast$3(OCoLC)fst00842262 606 $aCommerce$2fast$3(OCoLC)fst00869279 606 $aInternational business enterprises$2fast$3(OCoLC)fst00976774 606 $aBUSINESS$2unbist 606 $aFOREIGN TRADE$2unbist 606 $aUNITED STATES$2unbist 607 $aUnited States$xCommerce$vPeriodicals 607 $aEtats-Unis d'Amérique$2eclas 607 $aUnited States$2fast 608 $aPeriodicals.$2fast 608 $aPeriodicals.$2lcgft 615 0$aBusiness 615 0$aInternational business enterprises 615 7$aAffaires. 615 7$aMensuels. 615 7$aMultinationales. 615 7$aBusiness. 615 7$aCommerce. 615 7$aInternational business enterprises. 615 17$aBUSINESS. 615 17$aFOREIGN TRADE. 615 17$aUNITED STATES. 676 $a330.9/73/092 712 02$aUnited States.$bDepartment of Commerce. 712 02$aUnited States.$bInternational Trade Administration. 906 $aJOURNAL 912 $a9910339573603321 920 $aexl_impl conversion 996 $aBusiness America$92407495 997 $aUNINA